|
|
|
|
| LEADER |
02547nam a22005175i 4500 |
| 001 |
978-3-540-68616-3 |
| 003 |
DE-He213 |
| 005 |
20151204145601.0 |
| 007 |
cr nn 008mamaa |
| 008 |
100301s2008 gw | s |||| 0|eng d |
| 020 |
|
|
|a 9783540686163
|9 978-3-540-68616-3
|
| 024 |
7 |
|
|a 10.1007/978-3-540-68616-3
|2 doi
|
| 040 |
|
|
|d GrThAP
|
| 050 |
|
4 |
|a GB3-5030
|
| 050 |
|
4 |
|a QE1-996.5
|
| 072 |
|
7 |
|a RB
|2 bicssc
|
| 072 |
|
7 |
|a SCI019000
|2 bisacsh
|
| 082 |
0 |
4 |
|a 550
|2 23
|
| 245 |
1 |
0 |
|a Technical English for Geosciences
|h [electronic resource] /
|c edited by Brigitte Markner-Jäger.
|
| 264 |
|
1 |
|a Berlin, Heidelberg :
|b Springer Berlin Heidelberg,
|c 2008.
|
| 300 |
|
|
|a XII, 209 p.
|b online resource.
|
| 336 |
|
|
|a text
|b txt
|2 rdacontent
|
| 337 |
|
|
|a computer
|b c
|2 rdamedia
|
| 338 |
|
|
|a online resource
|b cr
|2 rdacarrier
|
| 347 |
|
|
|a text file
|b PDF
|2 rda
|
| 505 |
0 |
|
|a Applied Geology -- Geotechnology -- Geotechnical Engineering -- Geoengineering -- The Rock Cycle -- Rocks and Rock Mechanics -- Plate Tectonics, Tectonics and Faultings -- Earthquakes -- Volcanoes -- Tsunamis -- Soil Sciences and Soil Studies -- Soil Testing Equipment I -- Soil Testing Equipment II -- Mineralogy I -- Mineralogy II -- Mineralogy III -- Minerals in Industry and Economy -- Tara Mines I -- Tara Mines II -- Tara Mines III -- Minerals Recycling -- Energy Sources I -- Energy Sources II -- Energy Resources III -- Drilling Techniques -- Rehabilitation -- Hydrogeology -- The Water Cycle -- The Groundwater System -- Groundwater Modelling System -- Water Quality -- Waste Water Treatment -- Waste Disposal -- Meteorology and Climatology -- The Carbon Cycle -- Global Warming and Climate Change -- Global Response to Climate Change.
|
| 650 |
|
0 |
|a Earth sciences.
|
| 650 |
|
0 |
|a Geology.
|
| 650 |
|
0 |
|a Atmospheric sciences.
|
| 650 |
|
0 |
|a Geotechnical engineering.
|
| 650 |
|
0 |
|a Language and education.
|
| 650 |
|
0 |
|a Waste management.
|
| 650 |
1 |
4 |
|a Earth Sciences.
|
| 650 |
2 |
4 |
|a Earth Sciences, general.
|
| 650 |
2 |
4 |
|a Language Education.
|
| 650 |
2 |
4 |
|a Geology.
|
| 650 |
2 |
4 |
|a Atmospheric Sciences.
|
| 650 |
2 |
4 |
|a Waste Management/Waste Technology.
|
| 650 |
2 |
4 |
|a Geotechnical Engineering & Applied Earth Sciences.
|
| 700 |
1 |
|
|a Markner-Jäger, Brigitte.
|e editor.
|
| 710 |
2 |
|
|a SpringerLink (Online service)
|
| 773 |
0 |
|
|t Springer eBooks
|
| 776 |
0 |
8 |
|i Printed edition:
|z 9783540686149
|
| 856 |
4 |
0 |
|u http://dx.doi.org/10.1007/978-3-540-68616-3
|z Full Text via HEAL-Link
|
| 912 |
|
|
|a ZDB-2-EES
|
| 950 |
|
|
|a Earth and Environmental Science (Springer-11646)
|